[Event "Caxambu op"]
[Site "Caxambu"]
[Date "2023.07.23"]
[Round "6"]
[White "Silva, Roberto Antonio"]
[Black "Metidieri, Diogenes Galavotti"]
[Result "1-0"]
[WhiteElo "1800"]
[BlackElo "1136"]
[PlyCount "105"]
[EventDate "2023.07.20"]
[EventType "swiss"]
[EventRounds "7"]
[EventCountry "BRA"]
[SourceTitle "CBM 215 Extra"]
[Source "ChessBase"]
[SourceDate "2023.09.30"]
[SourceVersion "1"]
[SourceVersionDate "2023.09.30"]
[SourceQuality "1"]

1. d4 Nf6 2. Nf3 g6 3. e3 d6 4. Be2 Bg7 5. 0-0 0-0 6. b3 Re8 7. Bb2 Nc6 8. Nbd2 b6 9. c4 Rb8 10. a3 e6 11. Qc2 Bb7 12. Rac1 Qd7 13. Rfe1 Ne7 14. h3 Rec8 15. e4 Nh5 16. e5 Bxf3 17. Nxf3 d5 18. c5 Qc6 19. b4 b5 20. Qd2 Nf5 21. g4 Bh6 22. Qc2 Bxc1 23. Rxc1 Nf4 24. gxf5 Nxe2+ 25. Qxe2 exf5 26. Re1 Re8 27. Bc1 Re6 28. Ng5 Re7 29. e6 fxe6 30. Qe5 Rf8 31. Nxe6 Rff7 32. Bg5 Rxe6 33. Qxe6 Qxe6 34. Rxe6 Kg7 35. Ra6 h6 36. Be3 f4 37. Bd2 c6 38. Kf1 g5 39. Rxc6 Rf6 40. Rxf6 Kxf6 41. f3 Ke6 42. Kf2 a6 43. Kg2 Kd7 44. h4 Ke6 45. hxg5 hxg5 46. Kh3 Kf5 47. c6 g4+ 48. fxg4+ Ke4 49. Bxf4 Kxd4 50. c7 Ke4 51. Bc1 d4 52. c8Q d3 53. Bd2 1-0

[Event "Caxambu op"]
[Site "Caxambu"]
[Date "2023.07.22"]
[Round "5"]
[White "Gomes, Marco Tulio Caldeir"]
[Black "Silva, Roberto Antonio"]
[Result "1-0"]
[WhiteElo "1649"]
[BlackElo "1800"]
[PlyCount "125"]
[EventDate "2023.07.20"]
[EventType "swiss"]
[EventRounds "7"]
[EventCountry "BRA"]
[SourceTitle "CBM 215 Extra"]
[Source "ChessBase"]
[SourceDate "2023.09.30"]
[SourceVersion "1"]
[SourceVersionDate "2023.09.30"]
[SourceQuality "1"]

1. e4 c5 2. Nf3 Nc6 3. d4 cxd4 4. Nxd4 d6 5. Nc3 Nf6 6. f3 g6 7. Be3 Bg7 8. Qd2 0-0 9. 0-0-0 a6 10. g4 Ne5 11. h4 h5 12. gxh5 Nxh5 13. Rg1 Bd7 14. Be2 Rc8 15. Bh6 Nc4 16. Bxc4 Rxc4 17. Bxg7 Kxg7 18. f4 Qc7 19. f5 Rc8 20. fxg6 Rxc3 21. Qxc3 Qxc3 22. bxc3 fxg6 23. Kb2 b5 24. Rdf1 e6 25. Rf3 Rf8 26. Rxf8 Kxf8 27. Rxg6 Kf7 28. Rg1 e5 29. Nf3 Bc6 30. Ng5+ Ke7 31. Kb3 Nf4 32. Rd1 Be8 33. a3 Bh5 34. Rd2 Kd7 35. c4 bxc4+ 36. Kxc4 Kc6 37. c3 Be2+ 38. Kb3 Kc5 39. Rxe2 Nxe2 40. h5 Nf4 41. h6 Ng6 42. Nf7 a5 43. h7 d5 44. Nxe5 Nh8 45. exd5 Kxd5 46. Nc4 a4+ 47. Kb4 Ke6 48. Kxa4 Kf7 49. Kb5 Kg7 50. a4 Nf7 51. a5 Nd8 52. a6 Ne6 53. Kb6 Kxh7 54. a7 Kg6 55. a8Q Kf5 56. Qd5+ Kf6 57. Nd6 Ke7 58. c4 Nf4 59. Qe5+ Ne6 60. c5 Kd7 61. Qh5 Ke7 62. Qf7+ Kd8 63. Qe8# 1-0

[Event "Caxambu op"]
[Site "Caxambu"]
[Date "2023.07.22"]
[Round "4"]
[White "Silva, Roberto Antonio"]
[Black "Olivo, Anibal Ribeiro"]
[Result "0-1"]
[WhiteElo "1800"]
[BlackElo "1508"]
[PlyCount "84"]
[EventDate "2023.07.20"]
[EventType "swiss"]
[EventRounds "7"]
[EventCountry "BRA"]
[SourceTitle "CBM 215 Extra"]
[Source "ChessBase"]
[SourceDate "2023.09.30"]
[SourceVersion "1"]
[SourceVersionDate "2023.09.30"]
[SourceQuality "1"]

1. d4 Nf6 2. c4 g6 3. Nc3 Bg7 4. e4 d6 5. Nf3 0-0 6. Be2 e5 7. d5 a5 8. Be3 Ng4 9. Bd2 f5 10. h3 Nf6 11. Bg5 h6 12. Bxf6 Rxf6 13. Qc2 Na6 14. a3 Bd7 15. Rb1 a4 16. Nxa4 Bxa4 17. Qxa4 Nc5 18. Qc2 Nxe4 19. Nd2 Nc5 20. b4 Nd7 21. Ra1 b6 22. Nb3 e4 23. 0-0 Rf7 24. Ra2 Qf6 25. c5 Re7 26. cxb6 Nxb6 27. Qc6 Qe5 28. Rd1 e3 29. f3 Qg3 30. Rf1 Be5 31. f4 Bxf4 32. Rxf4 Qxf4 33. Bf3 Qc4 34. Qxc4 Nxc4 35. Nd4 Rxa3 36. Rxa3 Nxa3 37. Nc6 Re8 38. Be2 Nb1 39. Nd4 Nc3 40. Kf1 Kh7 41. Bb5 Re4 42. Ne2 Nxb5 0-1